| 000 | 00372nam a22001217a 4500 | ||
|---|---|---|---|
| 999 |
_c1989 _d1989 |
||
| 008 | 200210b ||||| |||| 00| 0 eng d | ||
| 100 |
_91430 _aGanesan, V. |
||
| 245 | 1 | 0 |
_aComputer simulation of compression-ignition engine processes _cby V. Ganesan |
| 260 |
_aHyderabad _bUniversity Press _c2000 |
||
| 300 | _axvii,202p. | ||
| 650 | 0 | _aDigital Computer Simulation | |
| 942 | _cBK | ||